01068 2200349 4500001002100000005001500021035002000036007000300056008004100059020002200100040002200122082002000144084002200164090002600186090002100212100003300233245009900266300004800365650002100413700003400434700002800468850001200496041000800508504003500516264003000551336002100581337003000602338002300632999002100655990002100676990002100697INLIS00000000084856620191213093330 a0010-0619000521ta190620s2019 yoia gr | ind|d a978-979-29-9821-4 aYOPDYOGbinderda04223a658.4038011 a658.4038011 TAT s aDEP 658.4038011 TAT s aCB-D.11 2019-3410 aTata Sutabrid1967-epenulis10aSistem informasi bisnis /cpenulis, Tata Sutabri, Darmawan Napitupulu; editor, Putri Christian aviii, 312 halaman :bgambar, tabel ;c23 cm 4aSistem informasi1 aNapitupulu, Darmawanepenulis0 aPutri Christianeeditor aYOPDYOG0 aind aBibilografi: halaman [305]-30831aYogyakarta :bANDI,c2019 2rdacontentateks 2rdamediaatanpa perantara 2rdacarrieravolume aCB-D.11/2019-341 aCB-D.11/2019-341 aCB-D.11/2019-341